| 000 | 00630nam a2200217Ia 4500 | ||
|---|---|---|---|
| 008 | 160803s9999 xx 000 0 und d | ||
| 020 | _a9780590062114 | ||
| 100 | _aZion, Gene | ||
| 245 | _aHarry the dirty dog / | ||
| 245 | _cby Gene Zion ; pictures by Margaret Bloy Graham. | ||
| 260 | _aNew York : | ||
| 260 | _bScholastic Inc. | ||
| 260 | _c1956 | ||
| 300 | _a32 unnumbered pages : | ||
| 300 | _bcolor illustrations ; | ||
| 300 | _c28 cm | ||
| 500 | _a"This edition is only available for distribution through the school market"--Page 4 of cover. | ||
| 650 | _aDogs -- | ||
| 650 | _xFiction. | ||
| 700 | _a700 | ||
| 999 |
_c299128 _d299128 |
||